000 00460nam a2200157Ia 4500
999 _c27402
_d27402
003 OSt
005 20201202105525.0
008 201202b ||||| |||| 00| 0 eng d
040 _coclc
082 _a894.8123
_bMUK/E
100 _96509
_aMukundan, M
245 _aEe Lokam Athiloru Manushyan /
_cM Mukundan
260 _aKozhikode:
_bPoorna Publications,
_c1994.
300 _a218p
942 _2ddc
_cBK
_h894.8123
_iMUK/E
_k894.8123
_mMUK/E